| 000 | 00765nam a2200241 a 4500 | ||
|---|---|---|---|
| 005 | 20140310183445.0 | ||
| 008 | 080919s19uu xx 00 eng d | ||
| 020 | _a013199008x | ||
| 050 |
_aHF 5415.12 _b.C74 2006 |
||
| 100 | _aCreveling, Clyde M. | ||
| 245 |
_aSix sigma for marketing processes : _ban overview for marketing executive, leaders, and managers. |
||
| 260 |
_aUpper Saddle River, New Jersey : _bPrentice Hall, _c2006. |
||
| 300 |
_a269 p. : _bill. ; _c24 cm. |
||
| 521 | _aBSBA | ||
| 650 | _aMarketing. | ||
| 650 |
_aMarketing _xManagement. |
||
| 650 |
_aMarketing _xQuality control. |
||
| 650 | _aSix Sigma (Quality control standard). | ||
| 700 | _aHambleton, Lynne | ||
| 700 | _aMcCarthy, Burke | ||
| 942 |
_cBK _2lcc _kFOR |
||
| 999 |
_c23204 _d23204 |
||